[Event "Mariupol CC 50th Aniversary"]
[Site "Mariupol"]
[Date "2021.06.13"]
[Round "9"]
[White "Budnikov, Oleg"]
[Black "Golovanj, Andrej"]
[Result "1-0"]
[WhiteElo "2408"]
[BlackElo "2298"]
[PlyCount "125"]
[EventDate "2021.06.08"]
[EventType "swiss"]
[EventRounds "9"]
[EventCountry "UKR"]
[SourceTitle "CBM 203 Extra"]
[Source "ChessBase"]
[SourceDate "2021.09.30"]
[SourceVersion "1"]
[SourceVersionDate "2021.09.30"]
[SourceQuality "1"]

1. d4 Nf6 2. c4 e6 3. Nc3 Bb4 4. Qc2 c5 5. dxc5 Bxc5 6. Nf3 Qb6 7. e3 Qc7 8. g4 h6 9. Rg1 a6 10. h4 b6 11. g5 hxg5 12. hxg5 Ng8 13. a3 Bb7 14. Ne4 Bf8 15. Qd3 Nc6 16. Bd2 Rd8 17. Rc1 d5 18. cxd5 exd5 19. Ng3 Nge7 20. Nd4 Qd6 21. Bc3 Ne5 22. Qd1 Qd7 23. Be2 Rh4 24. Qb3 Nc4 25. Nf3 Rh3 26. Rd1 Qc7 27. Bf1 Rh8 28. Bd3 Rh3 29. Bf1 Rh8 30. Qc2 Nd6 31. Nd4 b5 32. Bd3 Bc8 33. a4 Bd7 34. axb5 Nxb5 35. Ra1 Nxd4 36. Bxd4 Qxc2 37. Bxc2 Bb5 38. Bc3 Rh4 39. Rd1 g6 40. Bb3 Bc4 41. Bxc4 Rxc4 42. Ra1 Nc6 43. Ne2 Bb4 44. Rxa6 d4 45. exd4 Nxd4 46. Nxd4 Rcxd4 47. Rg3 Bxc3+ 48. bxc3 Rd3 49. Rxd3 Rxd3 50. Rc6 Kd7 51. Rc4 Ke6 52. Ke2 Rd5 53. Re4+ Kf5 54. Re7 f6 55. gxf6 Kxf6 56. Re4 Kf5 57. f3 Rd7 58. Ke3 g5 59. c4 Rd1 60. c5 Rc1 61. Kd4 Rd1+ 62. Kc4 Rc1+ 63. Kd5 1-0

[Event "Mariupol CC 50th Aniversary"]
[Site "Mariupol"]
[Date "2021.06.12"]
[Round "7"]
[White "Golovanj, Andrej"]
[Black "Samunenkov, Igor"]
[Result "1/2-1/2"]
[WhiteElo "2298"]
[BlackElo "2324"]
[PlyCount "84"]
[EventDate "2021.06.08"]
[EventType "swiss"]
[EventRounds "9"]
[EventCountry "UKR"]
[SourceTitle "CBM 203 Extra"]
[Source "ChessBase"]
[SourceDate "2021.09.30"]
[SourceVersion "1"]
[SourceVersionDate "2021.09.30"]
[SourceQuality "1"]

1. d4 Nf6 2. c4 e6 3. Nf3 b6 4. a3 Bb7 5. Nc3 Ne4 6. Bd2 Be7 7. Nxe4 Bxe4 8. Bc3 0-0 9. e3 d5 10. Rc1 Nd7 11. cxd5 exd5 12. Ba6 Bd6 13. 0-0 Qe7 14. h3 Rad8 15. b4 c6 16. Bb2 c5 17. dxc5 bxc5 18. Be2 Rb8 19. bxc5 Nxc5 20. Bd4 Nb3 21. Rc3 Nxd4 22. Nxd4 Rb1 23. Qxb1 Bxb1 24. Rxb1 Bxa3 25. Nf5 Qf6 26. Rxa3 Qxf5 27. Rba1 d4 28. exd4 Qe4 29. Bf3 Qxd4 30. Rxa7 g6 31. g3 Rb8 32. Ra8 Rxa8 33. Rxa8+ Kg7 34. Kg2 h5 35. h4 Qd6 36. Ra4 Kh6 37. Rc4 Qe5 38. Re4 Qc7 39. Rb4 f6 40. Rb7 Qc5 41. Rf7 Qe5 42. Rb7 Qd4 1/2-1/2

[Event "Mariupol CC 50th Aniversary"]
[Site "Mariupol"]
[Date "2021.06.11"]
[Round "5"]
[White "Golovanj, Andrej"]
[Black "Ianov, Viktor"]
[Result "1-0"]
[WhiteElo "2298"]
[BlackElo "2282"]
[PlyCount "135"]
[EventDate "2021.06.08"]
[EventType "swiss"]
[EventRounds "9"]
[EventCountry "UKR"]
[SourceTitle "CBM 203 Extra"]
[Source "ChessBase"]
[SourceDate "2021.09.30"]
[SourceVersion "1"]
[SourceVersionDate "2021.09.30"]
[SourceQuality "1"]

1. d4 d6 2. c4 g6 3. Nc3 Bg7 4. e4 e5 5. d5 a5 6. Nf3 Bg4 7. Be2 Bxf3 8. Bxf3 Bh6 9. Bxh6 Nxh6 10. h4 Nd7 11. Qd2 Ng8 12. h5 h6 13. hxg6 fxg6 14. Bg4 Nc5 15. 0-0-0 Kf8 16. Rh3 Kg7 17. Rdh1 Qe7 18. Rg3 Rf8 19. Kb1 Rf6 20. Be2 Qf7 21. f3 Rf4 22. Rgh3 Qe7 23. g3 Rf7 24. Nd1 a4 25. Nf2 Rh7 26. Ng4 h5 27. Nf2 Kf8 28. R3h2 Rfg7 29. Nd3 Nxd3 30. Bxd3 Rf7 31. Be2 a3 32. b4 c5 33. dxc6 bxc6 34. Rd1 Rf6 35. Qe3 Qa7 36. Qxa7 Rxa7 37. Kc2 Ne7 38. Kb3 c5 39. b5 Kg7 40. Rh4 Nc8 41. Rdh1 Nb6 42. Kc2 Ra4 43. Rb1 Kh6 44. f4 Kg7 45. Bd3 Ra8 46. f5 Na4 47. Kb3 Nb6 48. g4 Kh6 49. gxh5 g5 50. Rh2 Ra4 51. Kc3 Ra8 52. Rg2 Rf7 53. Be2 Rf6 54. Rbg1 Rg8 55. Kb3 Rf7 56. Bd1 Rf6 57. Rg3 Rf7 58. Be2 Ra7 59. Rd1 Rd8 60. Rgd3 Nc8 61. Bg4 Rf7 62. Kxa3 Rf6 63. Kb3 Rd7 64. Kb2 Nb6 65. Rc1 Ra7 66. Ra3 Rxa3 67. Kxa3 Rf7 68. Kb3 1-0

[Event "Mariupol CC 50th Aniversary"]
[Site "Mariupol"]
[Date "2021.06.09"]
[Round "2"]
[White "Boronin, Andrey1111"]
[Black "Golovanj, Andrej"]
[Result "0-1"]
[WhiteElo "2012"]
[BlackElo "2298"]
[PlyCount "50"]
[EventDate "2021.06.08"]
[EventType "swiss"]
[EventRounds "9"]
[EventCountry "UKR"]
[SourceTitle "CBM 203 Extra"]
[Source "ChessBase"]
[SourceDate "2021.09.30"]
[SourceVersion "1"]
[SourceVersionDate "2021.09.30"]
[SourceQuality "1"]

1. e4 c5 2. Nf3 Nc6 3. d4 cxd4 4. Nxd4 g6 5. Nc3 Bg7 6. Be3 Nf6 7. Bc4 Qa5 8. 0-0 0-0 9. Nb3 Qc7 10. Be2 d6 11. f4 a6 12. g4 h6 13. Kh1 b5 14. a4 bxa4 15. Rxa4 Rb8 16. Bf3 Nb4 17. Qd2 Bxg4 18. Bg2 Bd7 19. Raa1 Rfc8 20. e5 Ne8 21. Nd4 e6 22. f5 exf5 23. e6 Bxe6 24. Bxh6 Bxd4 25. Qxd4 Nxc2 0-1

[Event "Mariupol CC 50th Aniversary"]
[Site "Mariupol"]
[Date "2021.06.08"]
[Round "1"]
[White "Golovanj, Andrej"]
[Black "Tribushnaya, Olga"]
[Result "1-0"]
[WhiteElo "2298"]
[BlackElo "1715"]
[PlyCount "69"]
[EventDate "2021.06.08"]
[EventType "swiss"]
[EventRounds "9"]
[EventCountry "UKR"]
[SourceTitle "EXT 2023"]
[Source "ChessBase"]
[SourceDate "2022.10.05"]
[SourceVersion "1"]
[SourceVersionDate "2022.10.05"]
[SourceQuality "1"]

1. d4 d5 2. c4 e6 3. Nc3 Nf6 4. Bg5 Be7 5. e3 b6 6. Nf3 0-0 7. Rc1 Bb7 8. cxd5 Nxd5 9. Bxe7 Qxe7 10. Be2 c5 11. Nxd5 exd5 12. dxc5 bxc5 13. 0-0 Nd7 14. Qb3 Nf6 15. Qa3 Rfc8 16. Rfd1 h6 17. Rc2 Rc6 18. Nd4 Rc7 19. Rdc1 c4 20. Qxe7 Rxe7 21. b3 cxb3 22. axb3 a5 23. Ra1 Ne4 24. Bd3 Ree8 25. Rc7 Reb8 26. h4 g6 27. f3 Nf6 28. Rc5 Kf8 29. Raxa5 Ke7 30. Rc7+ Nd7 31. Rxa8 Bxa8 32. Bb5 Rd8 33. Ra7 Kd6 34. Bxd7 Rxd7 35. Rxa8 1-0

[Event "UKR-ch"]
[Site "Alushta"]
[Date "2009.05.14"]
[Round "4"]
[White "Golovanj, Andrej"]
[Black "Bogdanovich, Stanislav"]
[Result "1-0"]
[WhiteElo "2280"]
[BlackElo "2414"]
[PlyCount "113"]
[EventDate "2009.05.11"]
[EventType "swiss"]
[EventRounds "9"]
[EventCountry "UKR"]
[SourceTitle "CBM 130 Extra"]
[Source "ChessBase"]
[SourceDate "2009.07.02"]
[SourceVersion "2"]
[SourceVersionDate "2009.07.15"]
[SourceQuality "1"]

1. Nf3 d5 2. c4 c6 3. b3 Nf6 4. Bb2 Bg4 5. e3 e6 6. Be2 Bd6 7. h3 Bxf3 8. Bxf3 0-0 9. 0-0 Nbd7 10. Nc3 Qe7 11. d4 Ba3 12. Qc2 Bxb2 13. Qxb2 Rfd8 14. Rfd1 Nb6 15. cxd5 exd5 16. Qc2 g6 17. Re1 Kg7 18. Rad1 Re8 19. Qb2 Rad8 20. Be2 Nc8 21. Bd3 Kg8 22. Rc1 Nd6 23. Qa3 Nd7 24. Na4 f5 25. Nc5 a6 26. Nxd7 Rxd7 27. Qb4 Qf6 28. Qd2 Rde7 29. f4 Kh8 30. Qf2 g5 31. Re2 g4 32. h4 g3 33. Qxg3 Rg7 34. Qh3 Reg8 35. Kf2 Rg4 36. g3 Qe6 37. Rg1 Ne8 38. h5 Nf6 39. Ke1 Kg7 40. Kd2 Kh6 41. Kc2 b6 42. Kb2 c5 43. Rc1 Nd7 44. Kb1 Kg7 45. Bxa6 Kf6 46. Qh1 Qc6 47. Bc4 R8g7 48. Bxd5 Qd6 49. dxc5 bxc5 50. Rd1 Qc7 51. e4 Nb6 52. exf5 Re7 53. Qe1 Nxd5 54. Rxd5 c4 55. Rxe7 Qxe7 56. Qc3+ Kf7 57. Qxc4 1-0

[Event "UKR-ch"]
[Site "Alushta"]
[Date "2009.05.13"]
[Round "3"]
[White "Iakymov, Volodymyr"]
[Black "Golovanj, Andrej"]
[Result "1/2-1/2"]
[WhiteElo "2453"]
[BlackElo "2280"]
[PlyCount "73"]
[EventDate "2009.05.11"]
[EventType "swiss"]
[EventRounds "9"]
[EventCountry "UKR"]
[SourceTitle "CBM 130 Extra"]
[Source "ChessBase"]
[SourceDate "2009.07.02"]
[SourceVersion "2"]
[SourceVersionDate "2009.07.15"]
[SourceQuality "1"]

1. e4 c5 2. c3 Nf6 3. e5 Nd5 4. d4 cxd4 5. Nf3 d6 6. cxd4 e6 7. Bc4 Nc6 8. 0-0 Be7 9. Qe2 0-0 10. Rd1 Na5 11. Bd3 Nb4 12. exd6 Qxd6 13. Nc3 Nxd3 14. Qxd3 Nc6 15. Qe4 f5 16. Qe2 Nb4 17. d5 Nxd5 18. Nxd5 exd5 19. Bf4 Qe6 20. Qd2 Bd6 21. Bxd6 Qxd6 22. Qxd5+ Qxd5 23. Rxd5 Be6 24. Re5 Rae8 25. h4 Bd7 26. Rae1 Rxe5 27. Nxe5 Re8 28. f4 Be6 29. Nc4 Kf8 30. Nd6 Re7 31. a3 b6 32. Kf2 g6 33. b4 Bd7 34. Re5 Rxe5 35. fxe5 Ke7 36. Ke3 Ke6 37. Kd4 1/2-1/2

[Event "UKR-ch sf"]
[Site "Alushta"]
[Date "2008.05.18"]
[Round "8"]
[White "Domnin, Sergiy"]
[Black "Golovanj, Andrej"]
[Result "0-1"]
[WhiteElo "2081"]
[BlackElo "2269"]
[PlyCount "64"]
[EventDate "2008.05.10"]
[EventType "swiss"]
[EventRounds "9"]
[EventCountry "UKR"]
[SourceTitle "CBM 124 Extra"]
[Source "ChessBase"]
[SourceDate "2008.07.03"]
[SourceVersion "1"]
[SourceVersionDate "2008.07.03"]
[SourceQuality "1"]

1. e4 c5 2. Nf3 d6 3. d4 cxd4 4. Nxd4 Nf6 5. Nc3 Nc6 6. Bg5 e6 7. Qd2 a6 8. 0-0-0 h6 9. Bh4 Bd7 10. f4 Be7 11. Bf2 0-0 12. Be2 b5 13. Bf3 Rc8 14. g4 Nxd4 15. Qxd4 e5 16. fxe5 Nxg4 17. Bg3 b4 18. Qxb4 Nxe5 19. Bxe5 dxe5 20. Qb7 Bg5+ 21. Kb1 Rc7 22. Qxa6 Rxc3 23. bxc3 Qc7 24. c4 Bc6 25. Qa3 Ra8 26. Qc3 Qa7 27. a3 Be7 28. Kc1 Bxa3+ 29. Kd2 Qf2+ 30. Be2 Rd8+ 31. Qd3 Rxd3+ 32. cxd3 Bb4+ 0-1

[Event "UKR-ch sf"]
[Site "Alushta"]
[Date "2008.05.12"]
[Round "2"]
[White "Golovanj, Andrej"]
[Black "Tukhaev, Adam"]
[Result "1/2-1/2"]
[WhiteElo "2269"]
[BlackElo "2512"]
[PlyCount "70"]
[EventDate "2008.05.10"]
[EventType "swiss"]
[EventRounds "9"]
[EventCountry "UKR"]
[SourceTitle "CBM 124 Extra"]
[Source "ChessBase"]
[SourceDate "2008.07.03"]
[SourceVersion "1"]
[SourceVersionDate "2008.07.03"]
[SourceQuality "1"]

1. Nf3 Nf6 2. c4 g6 3. b3 Bg7 4. Bb2 0-0 5. g3 d6 6. Bg2 e5 7. 0-0 Nc6 8. d3 Nh5 9. Nc3 f5 10. Nd2 Be6 11. Nd5 Qd7 12. b4 Nd8 13. b5 Nf7 14. Nb4 Rab8 15. Rb1 f4 16. Ne4 h6 17. e3 Ng5 18. exf4 exf4 19. Bxg7 Kxg7 20. Nxg5 hxg5 21. Re1 Kh6 22. Nd5 Rbe8 23. gxf4 gxf4 24. Qd2 g5 25. Be4 f3 26. h4 Rg8 27. Bxf3 Bxd5 28. cxd5 Nf4 29. Rxe8 Rxe8 30. hxg5+ Kxg5 31. Rb4 Qf5 32. Re4 Rg8 33. Qe3 a6 34. bxa6 bxa6 35. Kf1 Rf8 1/2-1/2

[Event "UKR-ch sf"]
[Site "Alushta"]
[Date "2008.05.11"]
[Round "1"]
[White "Linker, Mikhail"]
[Black "Golovanj, Andrej"]
[Result "0-1"]
[WhiteElo "1933"]
[BlackElo "2269"]
[PlyCount "154"]
[EventDate "2008.05.10"]
[EventType "swiss"]
[EventRounds "9"]
[EventCountry "UKR"]
[SourceTitle "CBM 124 Extra"]
[Source "ChessBase"]
[SourceDate "2008.07.03"]
[SourceVersion "1"]
[SourceVersionDate "2008.07.03"]
[SourceQuality "1"]

1. e4 c5 2. Nf3 d6 3. d4 cxd4 4. Nxd4 Nf6 5. Nc3 Nc6 6. Bg5 e6 7. f4 h6 8. Bh4 Qb6 9. Nxc6 bxc6 10. Qc1 Be7 11. Bf2 Qa5 12. Bd3 0-0 13. 0-0 e5 14. Qe1 Kh8 15. fxe5 Ng4 16. exd6 Bxd6 17. Bg3 Qb6+ 18. Kh1 Bxg3 19. Qxg3 Qxb2 20. Ne2 Qe5 21. h3 Qxg3 22. Nxg3 Ne5 23. Nf5 Rd8 24. Rad1 Be6 25. a3 Rab8 26. Ba6 Rxd1 27. Rxd1 Kg8 28. Nd4 Rd8 29. Be2 Nc4 30. Nxc6 Rxd1+ 31. Bxd1 Ne3 32. Be2 Nxc2 33. a4 Bd7 34. Nxa7 Bxa4 35. Nb5 Bxb5 36. Bxb5 Kf8 37. Kg1 Ke7 38. Kf2 Kd6 39. Bc4 f6 40. Bf7 Ke5 41. Bg6 Nb4 42. Ke3 Nc6 43. g4 Ne7 44. Be8 g5 45. Bf7 Nc6 46. Bc4 Kd6 47. Bb5 Ne5 48. Kd4 Ng6 49. Be2 Nf4 50. Bf1 Ke6 51. Bc4+ Ke7 52. Bf1 Kd6 53. Ke3 Ke5 54. Kf3 Kd4 55. h4 Ng6 56. hxg5 hxg5 57. Ba6 Ne5+ 58. Kg3 Kxe4 59. Bc8 Ke3 60. Bf5 Nf7 61. Be6 Nd6 62. Bd7 Ne4+ 63. Kh3 Kf3 64. Bc6 Kf4 65. Kg2 Nc5 66. Bf3 Nd3 67. Be2 Ne5 68. Kh3 Ke3 69. Bd1 Kf2 70. Bc2 Nf3 71. Bf5 Nd2 72. Bc8 Nf1 73. Bf5 Kf3 74. Bc8 Ne3 75. Bd7 Nd1 76. Bc6+ Kf4 77. Kg2 Ne3+ 0-1

[Event "UKR-ch qual"]
[Site "Alushta"]
[Date "2007.05.16"]
[Round "6"]
[White "Kurayan, Ruslan"]
[Black "Golovanj, Andrej"]
[Result "0-1"]
[WhiteElo "2082"]
[BlackElo "2250"]
[PlyCount "122"]
[EventDate "2007.05.11"]
[EventType "swiss"]
[EventRounds "9"]
[EventCountry "UKR"]
[SourceTitle "EXT 2008"]
[Source "ChessBase"]
[SourceDate "2007.11.25"]
[SourceVersion "1"]
[SourceVersionDate "2007.11.25"]
[SourceQuality "1"]

1. c4 e6 2. Nc3 c5 3. Nf3 Nf6 4. e3 b6 5. b3 Bb7 6. Bb2 Be7 7. Be2 0-0 8. 0-0 Nc6 9. d4 cxd4 10. exd4 d5 11. cxd5 Nxd5 12. Nxd5 Qxd5 13. Bc4 Qh5 14. Qe2 Rfd8 15. Rac1 Nb4 16. Ne5 Qxe2 17. Bxe2 Rac8 18. a3 Nc2 19. b4 Nxd4 20. Bxd4 Rxc1 21. Rxc1 Rxd4 22. Rc7 Bd6 23. Rxb7 Bxe5 24. Rxa7 g6 25. g3 Rd2 26. Kf1 Ra2 27. Ra6 Bd4 28. a4 Rb2 29. b5 Ra2 30. Ra8+ Kg7 31. Ra7 h6 32. h4 h5 33. Ke1 Ra1+ 34. Bd1 Bxf2+ 35. Kxf2 Rxd1 36. Ra6 Rd4 37. Ke3 Rb4 38. Kf3 Kf6 39. Rxb6 Rxa4 40. Rb7 Ra3+ 41. Kg2 Rd3 42. b6 Rd6 43. Rb8 Rd7 44. Kf3 Ke5 45. g4 hxg4+ 46. Kxg4 f5+ 47. Kg5 Rd4 48. b7 Rg4+ 49. Kh6 Rxh4+ 50. Kxg6 Rb4 51. Kg5 Rb3 52. Kh5 f4 53. Kh4 Ke4 54. Ra8 Rxb7 55. Ra4+ Kf5 56. Ra5+ e5 57. Kh3 Rg7 58. Ra8 f3 59. Rb8 Kf4 60. Rb4+ e4 61. Rb8 Rh7# 0-1

[Event "UKR-ch qual"]
[Site "Alushta"]
[Date "2007.05.14"]
[Round "4"]
[White "Kurochkin, Valery"]
[Black "Golovanj, Andrej"]
[Result "0-1"]
[WhiteElo "2089"]
[BlackElo "2250"]
[PlyCount "126"]
[EventDate "2007.05.11"]
[EventType "swiss"]
[EventRounds "9"]
[EventCountry "UKR"]
[SourceTitle "EXT 2008"]
[Source "ChessBase"]
[SourceDate "2007.11.25"]
[SourceVersion "1"]
[SourceVersionDate "2007.11.25"]
[SourceQuality "1"]

1. d4 Nf6 2. Nf3 e6 3. c4 Bb4+ 4. Bd2 c5 5. Bxb4 cxb4 6. Nbd2 0-0 7. e3 b6 8. Bd3 Bb7 9. 0-0 d6 10. Ng5 Nbd7 11. Nge4 Qe7 12. Qb3 a5 13. a3 bxa3 14. Qxa3 Bxe4 15. Nxe4 Nxe4 16. Bxe4 Rac8 17. b4 Nf6 18. Bd3 d5 19. bxa5 Qxa3 20. Rxa3 dxc4 21. Be2 bxa5 22. Rxa5 Rc7 23. Rc1 c3 24. Rc5 Rxc5 25. dxc5 Rc8 26. Rxc3 Ne4 27. Rc1 Nxc5 28. h4 Kf8 29. g3 Rc7 30. Kg2 Ke7 31. f4 f6 32. Bd3 h6 33. Kf3 Kd6 34. Bg6 Ra7 35. Rd1+ Ke7 36. g4 Nd7 37. Rc1 Nf8 38. Be4 g5 39. hxg5 hxg5 40. Rc3 Nd7 41. Ke2 Ra2+ 42. Kf3 Ra6 43. Bb7 Ra7 44. Be4 Ra5 45. Rc7 Kd8 46. Rc6 Nc5 47. Bg6 Rb5 48. Rd6+ Ke7 49. Rd1 Rb3 50. fxg5 fxg5 51. Rd4 Nd7 52. Ke4 Ra3 53. Rd1 Ra4+ 54. Rd4 Ra1 55. Bh5 Rf1 56. Kd3 Rf2 57. Kc3 Ne5 58. Re4 Kf6 59. Kb3 Nd7 60. Kc3 Nb6 61. Kd3 Nc8 62. Rc4 Ne7 63. Re4 Nd5 0-1

[Event "UKR-ch qual"]
[Site "Alushta"]
[Date "2007.05.11"]
[Round "1"]
[White "Golovanj, Andrej"]
[Black "Onischuk, Vladimir"]
[Result "1/2-1/2"]
[WhiteElo "2250"]
[BlackElo "2480"]
[PlyCount "93"]
[EventDate "2007.05.11"]
[EventType "swiss"]
[EventRounds "9"]
[EventCountry "UKR"]
[SourceTitle "EXT 2008"]
[Source "ChessBase"]
[SourceDate "2007.11.25"]
[SourceVersion "1"]
[SourceVersionDate "2007.11.25"]
[SourceQuality "1"]

1. d4 Nf6 2. c4 g6 3. Nc3 Bg7 4. e4 d6 5. Be2 0-0 6. Bg5 Nbd7 7. Qd2 c5 8. d5 a6 9. Nf3 Rb8 10. a4 b6 11. 0-0 Bb7 12. Rad1 Re8 13. h3 Qc7 14. Rfe1 Rbd8 15. Nh2 Ra8 16. Bd3 e5 17. g4 h5 18. f3 Nh7 19. Be3 Qd8 20. gxh5 Nhf6 21. hxg6 fxg6 22. Qg2 Kh7 23. Bg5 Rf8 24. Ne2 Qe8 25. Ng3 Qf7 26. h4 Nh5 27. Nxh5 gxh5 28. f4 Kh8 29. f5 Rg8 30. Kh1 Nf6 31. Rg1 Nh7 32. Qf3 Bf6 33. Bxf6+ Nxf6 34. Rg5 Rg7 35. Rdg1 Rag8 36. Rxg7 Rxg7 37. Rg5 Qg8 38. Qg3 Nh7 39. Rxg7 Qxg7 40. Nf1 Bc8 41. Be2 Nf6 42. Bf3 Bd7 43. b3 Qxg3 44. Nxg3 Be8 45. Kh2 a5 46. Nh1 Kg7 47. Kg3 1/2-1/2

[Event "UKR-ch sf"]
[Site "Alushta"]
[Date "2005.05.23"]
[Round "8"]
[White "Iljin, Timofey"]
[Black "Golovanj, Andrej"]
[Result "1-0"]
[WhiteElo "2354"]
[BlackElo "2217"]
[PlyCount "65"]
[EventDate "2005.05.16"]
[EventType "swiss"]
[EventRounds "9"]
[EventCountry "UKR"]
[SourceTitle "CBM 106 Extra"]
[Source "ChessBase"]
[SourceDate "2005.07.01"]
[SourceVersion "1"]
[SourceVersionDate "2005.07.01"]
[SourceQuality "1"]

1. d4 Nf6 2. c4 e6 3. Nf3 Bb4+ 4. Bd2 Qe7 5. g3 Bxd2+ 6. Qxd2 0-0 7. Nc3 d6 8. Bg2 Nc6 9. 0-0 a5 10. e4 e5 11. d5 Nb8 12. Ne1 Na6 13. Nc2 Nc5 14. b3 Ne8 15. Ne3 g6 16. f4 exf4 17. gxf4 Nf6 18. Rae1 Nh5 19. e5 Qh4 20. Nb5 Nxf4 21. Nxc7 Rb8 22. exd6 Ncd3 23. Rd1 Qh5 24. Kh1 g5 25. Be4 Ne5 26. Nf5 Kh8 27. Qb2 f6 28. Ng3 Qh4 29. Ne6 Bxe6 30. dxe6 Nh5 31. Nxh5 Qxe4+ 32. Qg2 Qg6 33. Ng3 1-0

[Event "UKR-ch sf"]
[Site "Alushta"]
[Date "2005.05.20"]
[Round "5"]
[White "Golovanj, Andrej"]
[Black "Kamenets, Anatolij"]
[Result "1-0"]
[WhiteElo "2217"]
[BlackElo "2320"]
[PlyCount "49"]
[EventDate "2005.05.16"]
[EventType "swiss"]
[EventRounds "9"]
[EventCountry "UKR"]
[SourceTitle "CBM 106 Extra"]
[Source "ChessBase"]
[SourceDate "2005.07.01"]
[SourceVersion "1"]
[SourceVersionDate "2005.07.01"]
[SourceQuality "1"]

1. d4 d5 2. c4 e6 3. Nc3 c6 4. e3 Bd6 5. Qc2 Nf6 6. Nf3 0-0 7. b3 a6 8. Bd3 b5 9. e4 dxe4 10. Nxe4 Bb4+ 11. Bd2 Bxd2+ 12. Qxd2 Nbd7 13. 0-0 Qe7 14. Qf4 bxc4 15. bxc4 c5 16. Rfe1 cxd4 17. Nxd4 Qa3 18. Nxf6+ Nxf6 19. Qf3 g6 20. Rad1 e5 21. Nc2 Qd6 22. Qxa8 Bg4 23. Be2 Qb6 24. c5 Qxc5 25. Rd8 1-0

[Event "Mariupol op"]
[Site "Mariupol"]
[Date "2003.07.12"]
[Round "2"]
[White "Shilin, Denis"]
[Black "Golovanj, Andrej"]
[Result "1-0"]
[WhiteElo "2409"]
[BlackElo "2218"]
[PlyCount "87"]
[EventDate "2003.07.11"]
[EventType "swiss"]
[EventRounds "10"]
[EventCountry "UKR"]
[SourceTitle "CBM 095 Extra"]
[Source "ChessBase"]
[SourceDate "2003.09.04"]
[SourceVersion "1"]
[SourceVersionDate "2003.09.04"]
[SourceQuality "1"]

1. e4 c5 2. Nc3 Nc6 3. Bb5 g6 4. Bxc6 dxc6 5. d3 Bg7 6. Be3 b6 7. Qd2 Nf6 8. Bh6 Bxh6 9. Qxh6 e5 10. Nge2 Ng4 11. Qd2 Qh4 12. Ng1 0-0 13. h3 Qh6 14. Nf3 Re8 15. 0-0 Qxd2 16. Nxd2 Nh6 17. Nc4 f6 18. f4 Nf7 19. fxe5 fxe5 20. Nd1 Be6 21. Nde3 Kg7 22. a3 Bxc4 23. Nxc4 Rad8 24. b4 cxb4 25. axb4 Re7 26. Kf2 Nd6 27. Nxd6 Rxd6 28. Ke3 Rf6 29. Rxf6 Kxf6 30. Rf1+ Kg7 31. c3 Rf7 32. Rd1 Kf6 33. d4 exd4+ 34. cxd4 Ke6 35. Ra1 Kd6 36. Kd3 Re7 37. Rf1 a5 38. bxa5 bxa5 39. e5+ Kc7 40. Kc4 Rd7 41. Rf8 Kb6 42. Rb8+ Rb7 43. Rxb7+ Kxb7 44. Kb3 1-0

[Event "UKR-chT 8th"]
[Site "Alushta"]
[Date "2000.04.18"]
[Round "9"]
[White "Golovanj, Andrej"]
[Black "Artemiev, Timur"]
[Result "1-0"]
[WhiteElo "2215"]
[BlackElo "2137"]
[PlyCount "37"]
[EventDate "2000.04.10"]
[EventType "team-swiss"]
[EventRounds "9"]
[EventCountry "UKR"]
[SourceTitle "EXT 2019"]
[Source "ChessBase"]
[SourceDate "2018.10.10"]
[SourceVersion "1"]
[SourceVersionDate "2018.10.10"]
[SourceQuality "1"]
[WhiteTeam "Mariupol Azovstal"]
[BlackTeam "Alushta Carbon"]
[WhiteTeamCountry "UKR"]
[BlackTeamCountry "UKR"]

1. Nf3 d5 2. c4 d4 3. e3 Nc6 4. exd4 Nxd4 5. Nxd4 Qxd4 6. Nc3 e5 7. d3 Bc5 8. Qe2 Nf6 9. Nb5 Bb4+ 10. Kd1 Qc5 11. a3 0-0 12. Be3 Qe7 13. axb4 Rd8 14. Bc5 Qd7 15. Qxe5 Qg4+ 16. Kc1 Bf5 17. Qg3 Qh5 18. Be7 Re8 19. Bxf6 1-0

[Event "UKR-chT 8th"]
[Site "Alushta"]
[Date "2000.04.13"]
[Round "4"]
[White "Golovanj, Andrej"]
[Black "Andreev, Eduard"]
[Result "1/2-1/2"]
[WhiteElo "2215"]
[BlackElo "2385"]
[PlyCount "53"]
[EventDate "2000.04.10"]
[EventType "team-swiss"]
[EventRounds "9"]
[EventCountry "UKR"]
[SourceTitle "EXT 2019"]
[Source "ChessBase"]
[SourceDate "2018.10.10"]
[SourceVersion "1"]
[SourceVersionDate "2018.10.10"]
[SourceQuality "1"]
[WhiteTeam "Mariupol Azovstal"]
[BlackTeam "Kharkov Law Academy"]
[WhiteTeamCountry "UKR"]
[BlackTeamCountry "UKR"]

1. Nf3 c5 2. c4 Nc6 3. d4 cxd4 4. Nxd4 Nf6 5. g3 e6 6. Bg2 Bb4+ 7. Nc3 Qa5 8. 0-0 Bxc3 9. bxc3 0-0 10. Qb3 d5 11. Nxc6 bxc6 12. cxd5 cxd5 13. c4 Ba6 14. cxd5 Nxd5 15. Bf3 Rfc8 16. Qa3 Qxa3 17. Bxa3 Rc3 18. Bd6 Rd8 19. Be5 Rxf3 20. exf3 Bxf1 21. Kxf1 f6 22. Bd4 a5 23. Rb1 e5 24. Bc5 Nc3 25. Rb2 Rd5 26. Be3 a4 27. a3 1/2-1/2

[Event "Kosice op"]
[Site "Kosice"]
[Date "1997.??.??"]
[Round "?"]
[White "Mrva, Martin"]
[Black "Golovanj, Andrej"]
[Result "1/2-1/2"]
[WhiteElo "2395"]
[BlackElo "2210"]
[PlyCount "31"]
[EventDate "1997.??.??"]
[EventType "swiss"]
[EventRounds "9"]
[EventCountry "SVK"]
[SourceTitle "EXT 1999"]
[Source "ChessBase"]
[SourceDate "1998.11.16"]
[SourceVersion "1"]
[SourceVersionDate "1998.11.16"]
[SourceQuality "1"]

1. e4 c5 2. Nf3 e6 3. Nc3 a6 4. d4 cxd4 5. Nxd4 Qc7 6. Bd3 Bc5 7. Be3 Nf6 8. 0-0 0-0 9. Na4 Ba7 10. c4 d5 11. cxd5 exd5 12. Rc1 Qd8 13. Nf5 Bxf5 14. exf5 Bxe3 15. fxe3 Nc6 16. Qd2 1/2-1/2